书目信息 |
| 题名: |
政治经济学原理及其在社会哲学上的若干应用 下卷
|
|
| 作者: | [英]穆勒著 胡企林 , 朱泱 译 | |
| 分册: | ||
| 出版信息: | 北京 商务印书馆 1991.09 |
|
| 页数: | 571页 | |
| 开本: | 32开 | |
| 丛书名: | ||
| 单 册: | ||
| 中图分类: | F0 | |
| 科图分类: | ||
| 主题词: | 政治经济学 | |
| 电子资源: | ||
| ISBN: | 7-100-00832-8 | |
| 000 | 00703nam0 2200205 45 | |
| 001 | 0009191054 | |
| 005 | 20000919101821.4 | |
| 010 | @a7-100-00832-8@d20.90元 | |
| 100 | @a20000919d1991 km y0chiy0120 ea | |
| 101 | 0 | @achi |
| 105 | @a z 000yy | |
| 200 | 1 | @a政治经济学原理及其在社会哲学上的若干应用 下卷@AZheng Zhi Jing Ji Xue Yuan Li Ji Qi Zai She Hui Zhe Xue Shang De Ruo Gan Ying Yong Xia Juan@f[英]穆勒著 胡企林,朱泱译@F[Ying]Mu Le Zhu Hu Qi Lin,Zhu Yang Yi |
| 210 | @a北京@c商务印书馆@d1991.09 | |
| 215 | @a571页@d32开 | |
| 606 | 0 | @a政治经济学 |
| 690 | @aF0@v3 | |
| 701 | 0 | @a[英]穆勒著 胡企林@4译 |
| 701 | 0 | @a朱泱@4译 |
| 801 | @aCN@bPftUser@c20000919 | |
| 905 | @b148260-264@dF0@eM.375:2@f5 | |
| 政治经济学原理及其在社会哲学上的若干应用 下卷/[英]穆勒著 胡企林,朱泱译.-北京:商务印书馆,1991.09 |
| 571页;32开 |
| ISBN 7-100-00832-8:20.90元 |
| ● |
| 相关链接 |
|
|
|
正题名:政治经济学原理及其在社会哲学上的若干应用
索取号:F0/M.375:2
 
预约/预借
| 序号 | 登录号 | 条形码 | 馆藏地/架位号 | 状态 | 备注 |
| 1 | 148260 | 201482608 | 社科库409/400B社科库 8排4列2层/ [索取号:F0/M.375:2] | 在馆 | |
| 2 | 148261 | 201482617 | 社科二线422/409社科库 61排2列3层/ [索取号:F0/M.375:2] | 在馆 | |
| 3 | 148262 | 201482626 | 社科二线422/409社科库 61排2列3层/ [索取号:F0/M.375:2] | 在馆 | |
| 4 | 148263 | 201482635 | 社科库409/409社科库 61排2列4层/ [索取号:F0/M.375:2] | 在馆 | |
| 5 | 148264 | 201482644 | 社科库409/409社科库 61排2列4层/ [索取号:F0/M.375:2] | 在馆 |